[Event "ROM-ch U12"]
[Site "Calimanesti"]
[Date "2018.03.31"]
[Round "6"]
[White "Mindreci, Ioan Cristian"]
[Black "Buca, Dragos Stefan"]
[Result "1/2-1/2"]
[WhiteElo "1126"]
[BlackElo "1469"]
[PlyCount "80"]
[EventDate "2018.03.27"]
[EventType "swiss"]
[EventRounds "9"]
[EventCountry "ROU"]
[SourceTitle "CBM 183 Extra"]
[Source "ChessBase"]
[SourceDate "2018.04.19"]
[SourceVersion "1"]
[SourceVersionDate "2018.04.19"]
[SourceQuality "1"]

1. c4 Nf6 2. g3 g6 3. Nc3 Bg7 4. d4 d6 5. Nf3 0-0 6. Bg2 Nbd7 7. Bf4 c5 8. d5 Qb6 9. b3 Qa5 10. Qd2 Nh5 11. Rc1 Nxf4 12. gxf4 Bxc3 13. Qxc3 Qxc3+ 14. Rxc3 Nf6 15. Re3 Re8 16. Rg1 Kf8 17. Rd3 Bf5 18. Rd1 Bd7 19. Kd2 Ne4+ 20. Ke3 Nf6 21. Rde1 Ng4+ 22. Kd2 Nxf2 23. e4 Ng4 24. Bh3 Nf6 25. Bxd7 Nxd7 26. e5 f6 27. e6 Nb6 28. Rg2 Kg7 29. Reg1 Kh8 30. Rh1 Rg8 31. h4 h5 32. Rhg1 Kh7 33. Nh2 Rg7 34. Nf1 Rag8 35. Ne3 Nc8 36. a3 b6 37. b4 a6 38. Nc2 Kh8 39. Kc3 Na7 40. Kb3 Kh7 1/2-1/2